Obálka Náhled e-knihy:
PDF
Pro půjčování e-knih musíte být přihlášeni.
Jak si půjčit online?

Jak se používá literatura /

Literární teoretička ve své knize nabízí osvěžující pohled na to, jak přistupovat k literatuře.

Uloženo v:
Hlavní autor: Felski, Rita, 1956- (Autor)
Další autoři: Kačer, Tomáš, 1979- (Autor)
Médium: E-kniha
Jazyk:Czech
Vydáno: Brno : Praha : Host ; Ústav pro českou literaturu AV ČR, 2025
Vydání:První vydání
Edice:Teoretická knihovna
Témata:
Tagy:
Žádné tagy
LEADER 02959nam a2200625 i 4500
001 302432
003 CZ PrSKC
005 20260512063242.0
007 ta
008 251219s2025 xr f 001 0 cze
015 |a cnb003732798 
020 |a 9788027527786  |q (Host ;  |q brožováno) 
020 |a 978-80-7658-124-1  |q (Ústav pro českou literaturu AV ČR ;  |q brožováno) 
035 |a (OCoLC)1578133563 
040 |a BOA001  |b cze  |e rda 
041 1 |a cze  |h eng 
072 7 |a 82.0  |x Literatura (teorie)  |2 Konspekt 
080 |a 82  |2 MRF 
080 |a 82.0  |2 MRF 
080 |a 028.02  |2 MRF 
080 |a 82.07  |2 MRF 
080 |a (048.8)  |2 MRF 
100 1 |a Felski, Rita,  |d 1956-  |7 xx0205705  |4 aut 
240 1 0 |a Uses of literature.  |l Česky 
245 1 0 |a Jak se používá literatura /  |c Rita Felski ; přeložil Tomáš Kačer 
250 |a První vydání 
264 1 |a Brno :  |b Host ;  |a Praha :  |b Ústav pro českou literaturu AV ČR,  |c 2025 
300 |a 207 stran ;  |c 21 cm 
336 |a text  |b txt  |2 rdacontent 
337 |a bez média  |b n  |2 rdamedia 
338 |a svazek  |b nc  |2 rdacarrier 
490 1 |a Teoretická knihovna ;  |v svazek 43 
500 |a Přeloženo z angličtiny 
504 |a Obsahuje bibliografické odkazy a rejstřík 
520 2 |a Literární teoretička ve své knize nabízí osvěžující pohled na to, jak přistupovat k literatuře.  |b Příručka o tom, jak číst, vnímat a využívat literární texty. Každý pokus vysvětlit hodnotu literatury musí být podle ní založen na zkoumání motivů čtení, a v to ve spektru jejich různorodosti. Autorka předpokládá, že tyto motivy se vzájemně nevylučují. Představuje čtyři rozdílné způsoby uvažování o literatuře a jejím čtení. Nakladatelská anotace. Kráceno. 
650 0 7 |a literatura  |7 ph117222  |2 czenas 
650 0 7 |a literární teorie  |7 ph116427  |2 czenas 
650 0 7 |a čtení  |7 ph128190  |2 czenas 
650 0 7 |a vnímání literárního díla  |7 ph274709  |2 czenas 
650 0 7 |a interpretace a přijetí literárního díla  |7 ph137145  |2 czenas 
650 0 9 |a literature  |2 eczenas 
650 0 9 |a literary theory  |2 eczenas 
650 0 9 |a reading  |2 eczenas 
650 0 9 |a perception of literature  |2 eczenas 
650 0 9 |a interpretation and reception of literature  |2 eczenas 
655 7 |a monografie  |7 fd132842  |2 czenas 
655 9 |a monographs  |2 eczenas 
700 1 |a Kačer, Tomáš,  |d 1979-  |7 xx0083021  |4 trl 
830 0 |a Teoretická knihovna 
900 |a ABA001  |b 20 
928 9 |a Akademie věd České republiky, Ústav pro českou literaturu 
044 |a xr 
910 |a RBIT002 
998 |d 427029  |a https://core.palmknihy.cz/api/books/427029/cover?tevccr  |b https://core.palmknihy.cz/api/books/427029/cover/400?tevccr  |c https://core.palmknihy.cz/api/books/427029/cover/50?tevccr  |e 2032-03-10  |g 208  |i 9788027527786  |k https://core.palmknihy.cz/api/books/427029/preview.pdf  |l   |q 49  |r 1  |s https://www.palmknihy.cz/kniha/427029  |t ebook  |y 2026  |z 0 
999 |d 302430